export_success — 

12th Malaysia International Halal Showcase (MIHAS) show directory.

Bibliographic Details
Corporate Author: Malaysia External Trade Development Corporation (MATRADE)
Format: Book
Published: Kuala Lumpur: MATRADE, 2015.
Subjects:
LEADER 00727cam a2200169 7i4500
001 0000033212
005 20160216090000.0
090 0 0 |a MAT 297.56722025   |b MAL 
110 2 0 |a Malaysia External Trade Development Corporation (MATRADE) 
245 1 0 |a 12th Malaysia International Halal Showcase (MIHAS) show directory. 
260 0 0 |a Kuala Lumpur:   |b MATRADE,   |c 2015. 
300 # # |a 273 pages. 
650 0 0 |a Halal food --   |x Directories --   |y 2015 --   |z Malaysia  
650 0 0 |a Halal products --   |x Directories --   |y 2015 --   |z Malaysia  
650 0 0 |a Halal --   |x Exhibitions --   |x Directories --   |y 2015 --   |z Malaysia  
650 0 0 |a MIHAS --   |x Directories --   |y 2015 --   |z Malaysia  
999 |a 0000036205  |b Directories  |c MATRADEs Collection  |e Business Information Centre